|
|
|
|
| LEADER |
00000nam a2200000 a 4500 |
| 001 |
vtls001427449 |
| 003 |
SK-MaSNL |
| 005 |
20260514034429.0 |
| 008 |
240318sm y0 xo r 0 slo |
| 035 |
|
|
|a SNK000382417
|
| 040 |
|
|
|a SNK
|b slo
|c SNK
|e AACR2
|
| 044 |
|
|
|a xo
|c SK
|
| 072 |
|
7 |
|a 929
|2 konspekt
|
| 072 |
|
7 |
|a 27-4
|x Praktická teológia. Morálna teológia
|2 konspekt
|
| 080 |
|
|
|a 929
|2 1981
|
| 080 |
|
|
|a 264-63/-68
|2 1981
|
| 080 |
|
|
|a 246.8
|2 1981
|
| 080 |
|
|
|a (043)
|2 1981
|
| 100 |
1 |
|
|a Vačková, Ivana
|4 aut
|9 688402
|
| 245 |
1 |
0 |
|a Juraj Tranovský a jeho Cithara Sanctorum
|b [diplomová práca]
|c diplomant: Ivana Vačková ; školiteľ: Gabriela Žibritová
|
| 260 |
|
|
|a V Bratislave
|b Filozofická fakulta Univerzity Komenského
|c 1991/92
|
| 300 |
|
|
|a 62 s., 50, 20 s. príl.
|c 30 cm
|
| 500 |
|
|
|a Údaj o podnázve prevzatý z obalu
|
| 600 |
1 |
7 |
|a Tranovský, Juraj,
|d 1592-1637
|t Cithara sanctorum
|2 SNK
|9 112158
|
| 650 |
0 |
7 |
|a biografia
|2 SNK
|9 71085
|
| 650 |
0 |
7 |
|a biografia
|2 konspekt
|9 71085
|
| 655 |
|
7 |
|a diplomové práce
|2 SNK
|9 70156
|
| 700 |
1 |
|
|a Žibritová, Gabriela,
|d 1941-2026
|4 ini
|9 103741
|
| 999 |
|
|
|c 1070698
|d 1072628
|
| 952 |
|
|
|t P60, <03>, [BOOK], {603}
|a SNK
|b SNK
|y PREZ
|7 0
|p 17A0329026
|o snkDIP 212
|i snkF 531/2002
|0 0
|1 0
|4 0
|d 2002-05-14
|l 0
|r 2005-01-02 00:00:00
|w 2026-02-24
|